Návrh implementácie stratégie USZP v podniku MSM Holding, s.r.o. v kontexte Národnej ceny SR za spoločenskú zodpovednosť

Modelovanie implementovania stratégie USZP v podniku MSM Holding, s.r.o. na základe dostupných informácií priamo z prostredia podniku tak, aby bol podnik vedený k ďalšiemu rozvoju, aby bola upevňovaná jeho stabilita na trhu a zároveň ctil posolstvo spoločensky zodpovedného podnikania.

Uložené v:
Podrobná bibliografia
Hlavný autor: Antolová, Veronika
Ďalší autori: Baláž, Michal, Sakál, Peter
Médium: Kapitola
Jazyk:Slovak
Predmet:
Tagy: Pridať tag
Žiadne tagy, Buďte prvý, kto otaguje tento záznam!

MARC

LEADER 00000nla a2200000 4500
001 0247164
005 20240417075144.4
041 0 |a slo 
044 |a SK 
245 1 0 |a Návrh implementácie stratégie USZP v podniku MSM Holding, s.r.o. v kontexte Národnej ceny SR za spoločenskú zodpovednosť  |c Veronika Antolová 
520 |a Modelovanie implementovania stratégie USZP v podniku MSM Holding, s.r.o. na základe dostupných informácií priamo z prostredia podniku tak, aby bol podnik vedený k ďalšiemu rozvoju, aby bola upevňovaná jeho stabilita na trhu a zároveň ctil posolstvo spoločensky zodpovedného podnikania. 
610 2 0 |a podnikanie zodpovedné 
610 2 0 |a zodpovednosť spoločenská 
610 2 0 |a stratégia podnikateľská 
610 2 0 |a stratégia podniková 
610 2 0 |a modely ekonomicko-matematické 
100 1 |a Antolová, Veronika 
700 1 |a Baláž, Michal 
700 1 |a Sakál, Peter